000 00694nam a2200289Ia 4500
005 20260324125219.0
008 008 260324s9999 xx 000 0 eng d
020 _a9780429245053
037 _aEBOOK
040 _aCRL
040 _beng
040 _cCRL
041 _2eng
041 _aeng
084 _qCRL
100 _aJames F. Pastor
_91177128
245 0 _aTerrorism and Public Safety Policing
245 0 _bImplications for the Obama Presidency
260 _bTaylor and Francis
260 _c2009
365 _a
365 _b230
856 _uhttp://www.taylorfrancis.com/books/9780429245053
942 _cEBOOK
999 _c1772177
_d1772177